|
|
|
|
| LEADER |
01361nam a2200373 a 4500 |
| 001 |
000000772 |
| 005 |
20070918150801.0 |
| 008 |
050727s1820 xo e lat |
| FMT |
|
|
|
| 040 |
|
|
|a SVKKK
|b slo
|c SVKKK
|e AACR2
|
| 041 |
0 |
|
|a lat
|a ger
|
| 044 |
|
|
|a xo
|c SK
|
| 080 |
|
|
|a 14
|
| 130 |
0 |
|
|a Spiritus
|
| 245 |
0 |
0 |
|a Spiritus Stoae =
|b Geist der Stoa : Sechstes und letztes Heft.
|
| 260 |
|
|
|a Leutschau :
|b bey Johann Werthműller priv. Buchdrucker,
|c 1820
|
| 300 |
|
|
|a [5],648-761,[9] s. [1]/8-8/8 [=64] list.
|c 8°. 19x12,5 cm
|
| 500 |
|
|
|a Pokračovanie stránkovania z 5. zošita.
|
| 500 |
|
|
|a Na zl. 6/2b-8/4a nesignov. dvojjaz. súhrn filozofie stoickej v závere s textom "Kesmark in der Zipser Gespanschaft, den 20. Novemb. 1820."
|
| 500 |
|
|
|a Linky ozdobné, typograf. ozdoby, súbežný dvojjaz. text lat., nem.
|
| 510 |
4 |
|
|a Petrik III/421.
|
| 561 |
|
|
|a Peč.: Štátna vedecká knižnica v Košiciach.
|
| 501 |
|
|
|a Prív. 1. k: SPIRITUS Stoae ... Fünftes Heft. Leutschau 1820. 8°.
|
| 653 |
1 |
|
|a stoicizmus
|
| 653 |
2 |
|
|a listy
|
| 710 |
0 |
|
|a Werthmüller, Ján
|c Levoča
|d 1815-1844
|4 prt
|
| 752 |
|
|
|a Slovensko
|d Levoča
|
| 852 |
|
|
|p I.35684 prív. 1.
|
| 904 |
|
|
|a a---y----ia------yyyb-1001--
|
| 905 |
|
|
|a dfgb1bb-
|
| 910 |
|
|
|a svkkk
|
| 998 |
|
|
|a MALETL
|
| BAS |
|
|
|
| LKR |
|
|
|a UP
|b 771
|l HIS01
|n Spiritus Stoae
|m Spiritus Stoae
|